Epistolario de Fradique Mendes

Furkejuvvon:
Bibliográfalaš dieđut
Váldodahkki: Eca de Queiroz, José María (Dahkki)
Materiálatiipa: Girji
Giella:espánnjágiella
Almmustuhtton: Barcelona Maucci 1907
Fáttát:
Fáddágilkorat: Lasit fáddágilkoriid
Eai fáddágilkorat, Lasit vuosttaš fáddágilkora!

MARC

LEADER 00000nam a2200000 a 4500
001 UCQ6873
003 CL-VaPUC
008 981023e19070000SP |||||||||||||||||spa|d
082 0 4 |a 869.06  |b ECA  |2 21 
100 0 |a Eca de Queiroz, José María  |e author  |9 420794 
245 1 0 |a Epistolario de Fradique Mendes 
300 |a 190 p 
942 |c BK 
945 |d 19981023 00:00:00  |a crobeson 
260 |a Barcelona  |b Maucci  |c 1907 
600 0 7 |a MENDES, FRADIQUE  |2 CL-VaPUC  |9 420795 
650 7 |a CORREO EPISTOLARIO  |2 CL-VaPUC  |9 420796 
650 0 |a Correspondencia  |9 258963 
650 7 |a LITERATURA PORTUGUESA  |2 CL-VaPUC  |9 370842 
583 |a last modification  |c 20110930 02:56:49  |k Rodrigo Vera 
999 |c 276773  |d 276771 
952 |0 0  |1 0  |4 0  |6 869_060000000000000_ECA_1907  |7 0  |8 A  |9 314238  |a BIBEDU  |b BIBEDU  |d 2019-11-20  |i 1484796  |o 869.06 ECA 1907  |p 1484796  |r 2019-11-20  |w 2019-11-20  |y BK  |k LIT